| 000 | 02159nam2a22003371 4500 | ||
|---|---|---|---|
| 001 | rc\4071754 | ||
| 005 | 20260405220229.0 | ||
| 010 |
_bВ пер. _d6 р. 50 к. _925000 |
||
| 021 |
_aRU _b47-25522 |
||
| 035 | _a(NLR Aleph) 008120243 | ||
| 090 |
_a9359858 _c9359858 |
||
| 100 | _a20130415d1947 |||y0rusy50 ca | ||
| 101 | 0 | _arus | |
| 102 | _aRU | ||
| 105 | _ay j ||||| | ||
| 200 | 1 |
_aИстория Советского государства и права _f[сост. С.Н. Абрамов, Н.Г. Александров, Б.Я. Арсеньев и др.] _gпод ред. проф. А.И. Денисова |
|
| 210 |
_d1947 _aБ. м. |
||
| 215 | _a240 с. | ||
| 461 | 0 |
_1001rc\4071752 _12001#$aИстория государства и права СССР$eучебник для юридических институтов и факультетов$fВсесоюз. ин-т юрид. наук М-ва юстиции СССР$vЧ. 2 _99359850 _cМосква _d1947 _fВсесоюз. ин-т юрид. наук М-ва юстиции СССР _nЮридическое издательство _oучебник для юридических институтов и факультетов _p2 т. _tИстория государства и права СССР _vЧ. 2 |
|
| 606 | 1 |
_aСоветское государство _jУчебники для высших учебных заведений _xИстория _92074998 _3RU\NLR\AUTH\661250030 |
|
| 702 | 1 |
_4220 _8rus _7ca _aАлександров _bН. Г. _cд-р юрид. наук _f1908-1974 _gНиколай Григорьевич _3RU\NLR\AUTH\7798646 _981572 |
|
| 702 | 1 |
_aАрсеньев _bБ. Я. _gБорис Яковлевич _4220 |
|
| 702 | 1 |
_4220 _7ca _8rus _aАбрамов _bС. Н. _cюрист _f1889-1965 _gСергей Наумович _9232375 _3RU\NLR\AUTH\770232431 |
|
| 702 | 1 |
_aДенисов _bА. И. _cд-р юридических наук _gАндрей Иванович _4340 |
|
| 801 | 0 |
_aRU _bNLR _c20130415 _gpsbo |
|
| 801 | 1 |
_aRU _bELAR _c20130415 _2rusmarc |
|
| 801 | 2 |
_aRU _bNLR _c20171026 _2rusmarc |
|
| 852 |
_aNLR _jП10 Г-5/12 |
||
| 942 | _cBOOK | ||
| 980 | _aNB | ||